000 01397cam a2200373 i 4500
001 768714001
003 CO-MdFUSB
005 20220531151144.0
007 ta
008 981209t1999 -us b 000 0 eng
020 _a0066425565
040 _aDLC
_beng
_cCO-MdFUSB
_dIXT
_dBAKER
_dBTCTA
_dHNW
_dYDXCP
_dIG#
_dBDX
_dOCLCO
_dOCLCA
_dOCLCQ
_dOCLCF
_dOCLCQ
_dFPD
_erda
041 _aeng
042 _apcc
082 _223
_a222.5077
_bF888
100 1 _aFretheim, Terence E.
_eautor
245 1 0 _aFirst and Second Kings /
_cTerence E. Fretheim.
250 _aprmera edición
264 1 _aLouisville, Ky. :
_bWestminster John Knox Press,
_c[1999]
264 4 _c© 1999
300 _a 228 páginas ;
_c23 cm.
336 _atexto
_btxt
_2rdacontent.
337 _asin mediación
_bn
_2rdamedia.
338 _avolumen
_bnc
_2rdacarrier.
490 1 _aWestminster Bible companion.
504 _aIncluye referencias bibliográficas (páginas 227-228).
505 _aPrimeros Reyes. El reinado de Salomón; La división del reino; Profetas y reyes I -- Segundo de Reyes. Profetas y reyes II; La promesa en peligro; Los reyes van y vienen; La destrucción y exilio de Israel; Judá: reforma y caída.
563 _aRústico
630 7 _aBiblia.
_pReyes
_xCrítica, interpretación, etc.
830 0 _aWestminster Bible companion.
942 _cBK
945 _aJTF-925
999 _c67874
_d67874